000 00911mam a2200289 4500
001 33783
003 BD-RjUL
005 20211209052047.0
008 140511s1956 ilu b 000 0 eng
035 _a(OCoLC)ocm00977661
035 _a(BD-RjUL)33874
040 _aDLC
_cRGC
_dSER
_dBD-RjUL
_beng
041 _aeng
082 0 0 _a301
_bLAS 1956
100 1 _aLandis, Paul H.
_q(Paul Henry),
_d1901-1985.
_9102585
245 1 0 _aSocial control;
_bsocial organization and disorganization in process /
_cby Paul H. Landis.
250 _arev. ed.
260 _aChicago ;
_aPhiladelphia [etc.] :
_bJ.B. Lippincott Company,
_cc1956.
300 _aviii, 473 p.
_c24 cm.
504 _aIncludes bibliographical references and index.
650 0 _aSociology.
_9102586
650 0 _aSocial psychology.
_9102587
650 0 _aSocial problems.
_9102588
942 _2ddc
_cBK
999 _c33783
_d33783